Downton Abbey Downstairs - Statistics

General Stats
  • This quiz has been taken 214 times
  • The average score is 17 of 26
Answer Stats
Hint Answer % Correct
the butler Carson
99%
Head housemaid and ladies maid to all three daughters Anna
95%
Lord Grantham's lame valet Bates
95%
Kitchen maid who becomes the assistant cook Daisy
95%
Underbutler Thomas
94%
Footman who dies in the war William
90%
Cook Mrs. Patmore
89%
Lady Grantham's ladies maid for the first three seasons O'Brien
88%
the housekeeper Mrs. Hughes
84%
Footman who leaves to become a chef Alfred
80%
Housemaid who becomes a prostitute and then returns to service Ethel
76%
Housemaid who leaves to become a secretary Gwen
74%
Footman who is caught in bed with a guest Jimmy
74%
The dowager's butler Spratt
64%
Kitchen maid who leaves to cook for Mr. Levinson in America Ivy
58%
Matthew Crawley's valet Molesley
55%
Footman who joins the staff for Lady Rose's wedding in London Andy
53%
The dowager's ladies maid who is always at odds with the butler Denker
51%
Housemaid who claims she's pregnant to try to force Mr. Branson into marriage Edna
49%
Lady Grantham's maid who went to prison for theft Baxter
48%
The cook at Crawley house Mrs. Bird
46%
War widowed housemaid who fell in love with Lord Grantham Jane
40%
Lord Grantham's shell-shocked valet Lang
27%
The agent of the estate before Matthew drove him away Jarvis
20%
Gardener at the Dower house accused of stealing Pegg
15%
The maid who first arrives to set up Crawley house for Matthew and Isobel Ellen
7%
No matching quizzes found
Score Distribution
Percent of People with Each Score
Percentile by Number Answered
Your Score History
You have not taken this quiz